Zoology

Saved in:
Bibliographic Details
Main Author: Miller, Stephen A
Format: Book
Language:Vietnamese
Published: McGraw-Hill 2002
Tags: Add Tag
No Tags, Be the first to tag this record!
Institutions: Mạng thư viện Đại học Đà Nẵng
LEADER 00605nam a2200253 4500
001 000020963
003 17410
005 20150331080329.0
008 150331s2002 viesd
020 |c 00 
041 0 |a vie 
082 1 4 |a 590  |b MI-S 
100 1 |a Miller, Stephen A 
245 1 0 |a Zoology  |c Stepen A. Miller, John P. Harley. 
260 |b McGraw-Hill  |c 2002 
300 |a tr.  |c cm. 
OWN |a LSP 
999 |a From the UDN01 
TYP |a Monograph 
TYP |a Printed language 
980 |a Mạng thư viện Đại học Đà Nẵng